All the trades and occupations of the Bible : (Record no. 10354)

MARC details
000 -LEADER
fixed length control field 04476cam a2200481 i 4500
001 - CONTROL NUMBER
control field 57364
003 - CONTROL NUMBER IDENTIFIER
control field OCoLC
005 - DATE AND TIME OF LATEST TRANSACTION
control field 20210222171710.0
008 - FIXED-LENGTH DATA ELEMENTS--GENERAL INFORMATION
fixed length control field 700303t19691969miu b 001 0 eng
010 ## - LIBRARY OF CONGRESS CONTROL NUMBER
LC control number 70095038
020 ## - INTERNATIONAL STANDARD BOOK NUMBER
International Standard Book Number 0310281407
020 ## - INTERNATIONAL STANDARD BOOK NUMBER
International Standard Book Number 9780310281405
020 ## - INTERNATIONAL STANDARD BOOK NUMBER
International Standard Book Number 0720800447
020 ## - INTERNATIONAL STANDARD BOOK NUMBER
International Standard Book Number 9780720800449
020 ## - INTERNATIONAL STANDARD BOOK NUMBER
International Standard Book Number 9780310281412
020 ## - INTERNATIONAL STANDARD BOOK NUMBER
International Standard Book Number 0310281415
035 ## - SYSTEM CONTROL NUMBER
System control number (OCoLC)57364
Canceled/invalid control number (OCoLC)31927494
-- (OCoLC)976823516
-- (OCoLC)981897589
040 ## - CATALOGING SOURCE
Original cataloging agency DLC
Language of cataloging eng
Description conventions rda
Transcribing agency DLC
Modifying agency KG6
-- CRU
-- LGG
-- QE2
-- CIRBC
-- OCLCO
-- OCLCQ
-- OCLCF
-- MXL
-- OCLCO
-- RCT
-- DML
-- OCLCQ
-- CSJ
-- OCLCO
-- OCLCA
-- SJG
-- OCLCQ
-- OCLCO
-- TX7
-- OCLCQ
-- OCLCO
-- PTS
-- CIRBC
050 #0 - LIBRARY OF CONGRESS CALL NUMBER
Classification number BS680.O3
Item number L818A
082 0# - DEWEY DECIMAL CLASSIFICATION NUMBER
Classification number 220.8/33/7
Item number L818A
092 0# - LOCALLY ASSIGNED DEWEY CALL NUMBER (OCLC)
Classification number 220.83317
Item number L818A
100 1# - MAIN ENTRY--PERSONAL NAME
Personal name Lockyer, Herbert,
Relator term author.
245 10 - TITLE STATEMENT
Title All the trades and occupations of the Bible :
Remainder of title a fascinating study of ancient arts and crafts /
Statement of responsibility, etc. by Herbert Lockyer.
264 #1 - PRODUCTION, PUBLICATION, DISTRIBUTION, MANUFACTURE, AND COPYRIGHT NOTICE
Place of production, publication, distribution, manufacture Grand Rapids :
Name of producer, publisher, distributor, manufacturer Zondervan Pub. House,
Date of production, publication, distribution, manufacture, or copyright notice ©1969.
264 #4 - PRODUCTION, PUBLICATION, DISTRIBUTION, MANUFACTURE, AND COPYRIGHT NOTICE
Date of production, publication, distribution, manufacture, or copyright notice ©1969
300 ## - PHYSICAL DESCRIPTION
Extent 327 pages ;
Dimensions 25 cm
336 ## - CONTENT TYPE
Content type term text
Content type code txt
Source rdacontent
337 ## - MEDIA TYPE
Media type term unmediated
Media type code n
Source rdamedia
338 ## - CARRIER TYPE
Carrier type term volume
Carrier type code nc
Source rdacarrier
490 1# - SERIES STATEMENT
Series statement "All" series
504 ## - BIBLIOGRAPHY, ETC. NOTE
Bibliography, etc. note Includes bibliographical references (page 300) and index.
505 0# - FORMATTED CONTENTS NOTE
Formatted contents note Male occupations (in the secular realm) -- actor -- advertiser -- advocate -- ambassador -- apothecary -- archer -- architect -- armorbearer -- artificer -- artist -- astrologer -- astronomer -- athlete -- author -- babbler -- baker -- banker -- barber -- beggar -- benefactor -- bondman -- botanist -- builder -- butler -- buyer -- calker -- captain -- carpenter -- centurion -- chamberlain -- chancellor -- chapman -- charmer -- cheesemaker -- clerk -- comforter -- commander -- confectionary -- cook -- coppersmith -- cosmetologist -- counselor -- craftsman -- cupbearer -- daysman -- deliverer -- destroyer -- divider -- diviner -- doctor -- dyer -- embalmer -- enchanter -- engraver -- eunuch -- exchanger -- executioner -- exorcist -- extortioner -- fanner -- farmer -- feller -- fisherman -- footman -- forerunner -- founder -- fowler -- fuller.
505 0# - FORMATTED CONTENTS NOTE
Formatted contents note Gardener -- goldsmith -- governor -- guide -- harvester -- healer -- herdman -- hewer -- horseman -- householder -- hunter -- husbandman -- innkeeper -- instructor -- interpreter -- inventor -- jailor -- judge -- keeper -- king -- laborer -- lampdresser -- lapidary -- lawgiver -- the lawyer -- leader -- lender -- lieutenant -- magician -- magistrate -- maker -- manservant -- mason -- master -- masterbuilder -- mediator -- merchant -- meteorologist -- moneychanger -- musician -- necromancer -- officer -- orator -- organist -- ornithologist -- overseer -- peacemaker -- philosopher -- physician -- pilot -- planter -- plowman -- poet -- porter -- postman -- potentate -- potter -- praetor -- president -- prince -- principal -- proconsul -- procurator -- prognosticator -- publican -- publisher.
505 0# - FORMATTED CONTENTS NOTE
Formatted contents note Reaper -- recorder -- redeemer -- registrar -- repairer -- restorer -- roadmaker -- robber -- ruler -- safeguard -- sailor -- scholar -- schoolmaster -- scientist -- scribe -- secretary -- seducer -- seer -- senator -- sergeant -- servant -- sheepmaster -- shepherd -- shipmaster -- silversmith -- singer -- slave -- smith -- soldier -- soothsayer -- sorcerer -- steward -- stonesquarer -- swimmer -- tanner -- taskmaster -- teacher -- templekeeper -- tentmaker -- tetrarch -- thief -- town clerk -- trader -- treader -- treasurer -- trucebreakers -- tutor -- undertaker -- usurer -- vinedresser -- warrior -- watchman -- wizard -- worker -- wrestler -- writer.
505 0# - FORMATTED CONTENTS NOTE
Formatted contents note Male occupations (in the spiritual realm) -- apostle -- bishop -- deacon -- elder -- evangelist -- minister -- pastor -- preacher -- priest -- prophet -- saviour.
505 0# - FORMATTED CONTENTS NOTE
Formatted contents note Female occupations (in the secular realm) -- women in the Bible -- cook -- dressmaker -- embroiderer -- gleaner -- grinder -- handmaid -- harlot -- maidservant -- midwife -- mourner -- nurse -- queen -- saleswoman -- spinner -- water carrier -- winnower -- Female occupations (in the spiritual realm) -- deaconess -- prophetess.
630 00 - SUBJECT ADDED ENTRY--UNIFORM TITLE
Uniform title Bible
General subdivision Antiquities.
650 #0 - SUBJECT ADDED ENTRY--TOPICAL TERM
Topical term or geographic name entry element Occupations
General subdivision History.
655 #7 - INDEX TERM--GENRE/FORM
Genre/form data or focus term History.
Source of term fast
Authority record control number or standard number (OCoLC)fst01411628
776 08 - ADDITIONAL PHYSICAL FORM ENTRY
Relationship information Online version:
Main entry heading Lockyer, Herbert.
Title All the trades and occupations of the Bible.
Place, publisher, and date of publication Grand Rapids, Zondervan Pub. House [©1969]
Record control number (OCoLC)610219460
830 #0 - SERIES ADDED ENTRY--UNIFORM TITLE
Uniform title ALL (Series)
942 ## - ADDED ENTRY ELEMENTS (KOHA)
Source of classification or shelving scheme Dewey Decimal Classification
Koha item type Books
Holdings
Withdrawn status Lost status Source of classification or shelving scheme Damaged status Not for loan Collection code Home library Current library Shelving location Date acquired Total Checkouts Full call number Barcode Date last seen Price effective from Koha item type
    Dewey Decimal Classification   Not For Loan Reference Harvest Mission College Harvest Mission College Reference 23.02.2021   REF 220.83 L818A 011965 23.02.2021 23.02.2021 Reference

OPAC Designed and Maintained by HMC Library Team.
Copyright © HMC Library,Greater Noida, UP.
For any Suggestions/Query Contact library via Email:libhmc@gmail.com